000 00595cam a22002053a 4500
001 38601
003 PGUSA
005 20140828083842.0
008 120117s2012||||xxu|||||s|||||000 | eng d
040 _aPGUSA
_beng
042 _adc
100 1 _aBresse, J.
245 1 0 _aL'Histoire Des Vaudois :
_bFrom Authentic Details of the Valdenses
_h[electronic resource] /
_cJ. Bresse
260 _bProject Gutenberg,
_c2012
506 _aPublic domain in the USA.
516 _aElectronic text
830 0 _aProject Gutenberg
_v38601
856 4 0 _uhttp://www.gutenberg.org/ebooks/38601
942 _cEB
999 _c267855
_d267855